| 000 | 00927nam a22002537a 4500 | ||
|---|---|---|---|
| 003 | DO-SdBNP | ||
| 005 | 20240925092620.0 | ||
| 007 | ta | ||
| 008 | 201123e2016 dr acohgr a co000 0 spa d | ||
| 020 | _a9789945586749 | ||
| 040 |
_aDO-SdBNP _bspa _cBNPHU _erda |
||
| 082 | 4 |
_bA673g _222 |
|
| 245 | 0 | 0 |
_aArchivo General de la Nación : _bayer y hoy / _ceditor, Daniel García; fotografías interior, Wagner Vallejo y Raúl E. Rosario Jiménez; pesentación, Roberto Cassá; |
| 260 |
_aSanto Domingo : _bArchivo General de la Nación, _c2016 |
||
| 300 |
_a332 p. : _bil.,fots., retrs., _c28 cm. |
||
| 490 | 0 |
_aArchivo General de la Nación; _v277 |
|
| 590 | _aInventariado 2023 / MF | ||
| 700 | 1 |
_aCassá, Roberto, _d1948- _910888 |
|
| 700 | 1 |
_aGarcía, Daniel _979333 _eed. |
|
| 700 | 1 |
_aVallejo, Wagner _efotogr. _983047 |
|
| 700 | 1 |
_aRosario Jiménez, Raúl E. _efotogr. _983048 |
|
| 910 | _aMFeliz | ||
| 942 |
_2ddc _cLBS1 |
||
| 999 |
_c49186 _d49186 |
||